000 00930nam a22002417a 4500
999 _c2684
_d2684
003 AR-CdUCM
008 190305b ||||| |||| 00| 0 spa d
020 _a84-7232-603-9
040 _aMUNICIPALIDAD PROVINCIAL DEL CUSCO
_cBIBLIOTECA MUNICIPAL DEL CUSCO
082 _a869.812 /
_bA18
100 _aAcevedo Díaz, Eduardo
_99424
245 _aIsmael /
260 _aMadrid :
_bEdiciones de Cultura Hispánica,
_c1991,
300 _a373 páginas ;
_c21 cm.
440 _aBiblioteca Literaria Iberoamericana Y Filipina
_n22
_99425
500 _aLa primera de una vasta tetralogía novelesca de carácter histórico, representa, en palabras de Zum Felde "la primera realización seria y durable del género narrativo en Uruguay".
650 _aNovela de Uruguay
_99426
650 _aNovela histórica
_92493
650 _aSiglo XX
_98
700 _aVisca, Sergio Arturo (Prólogo)
_99427
942 _2ddc
_cLIBROS
945 _araen